000 00973nam a2200301 i 4500
003 DO-SdBNP
005 20251015092913.0
007 ta
008 210916b2017 dr ||||| |||| 00| 0 spa d
020 _a9789945168020
040 _aDO-SdBNP
_bspa
_cBNPHU
_erda
041 _aspa
082 4 _aRD861.5
_bS237m
_222
100 1 _aSantos García, Eladio Delos ,
_d1973-
_928675
_eautor
_4aut.
245 1 0 _aMientras disipo la suma locura :
_bsonetos /
_cEladio Delos Santos García
264 1 _aSanto Domingo :
_bEditora Búho,
_c2017.
300 _a78 páginas ;
_c23 cm.
336 _atexto
_btxt
_2rdacontent
337 _asin mediación
_bn
_2rdamedia
338 _avolumen
_bnc
_2rdacarrier
500 _aIncluye datos biográficos del autor en la solapa de la contracubierta
590 _aInventariado, 2021/BT
650 4 _aPoesía dominicana
650 4 _aSonetos dominicanos
_910208
650 4 _aLiteratura dominicana
910 _aBtavárez
942 _2ddc
_cLBS1
999 _c50535
_d50535